000 00805nam a22002537a 4500
005 20151223104359.0
008 091120s2011 nyua b 001 0 eng
020 _a9780073403380
020 _a0073403385
041 0 _aeng
080 _a658.8
100 1 _aSchroeder, Roger G.
245 1 0 _aOperations management :
_cRoger G. Schroeder, Susan Meyer Goldstein, M. Johnny Rungtusanatham.
250 _a5th ed.
260 _aNew York, NY :
_bMcGraw-Hill/Irwin,
_c2011.
300 _a558 f. :
_bme il.;
_c26 cm.
505 _aIndex: f. 543 - 558
650 0 _aOrganizimi
650 0 _aOperacionet
700 1 _aGoldstein, Meyer.
700 1 _aRungtusanatham, M. Johnny.
830 0 _aMcGraw-Hill/Irwin series operations and decision sciences.
942 _2udc
_cBK
999 _c769
_d769